Human rights in a multinational society (Record no. 21100)

MARC details
000 -LEADER
fixed length control field 00281nam a2200109Ia 4500
082 ## - DEWEY DECIMAL CLASSIFICATION NUMBER
Classification number 034.71
Item number GAD
100 ## - MAIN ENTRY--AUTHOR NAME
Personal name GADGIL, D R
245 #0 - TITLE STATEMENT
Title Human rights in a multinational society
260 ## - PUBLICATION, DISTRIBUTION, ETC. (IMPRINT)
Place of publication Poona
Name of publisher Gokhale inst
Year of publication 1968
942 ## - ADDED ENTRY ELEMENTS (KOHA)
Koha item type Books
Holdings
Withdrawn status Lost status Damaged status Not for loan Home library Current library Date acquired Full call number Accession Number Koha item type
        RRII Library RRII Library 16/12/2021 034.71 GAD 01822 Books